书目信息 |
| 题名: |
鞣制化学
|
|
| 作者: | 陈武勇 , 李国英 主编 | |
| 分册: | ||
| 出版信息: | 北京 中国轻工业出版社 2018.05 |
|
| 页数: | 326页 | |
| 开本: | 26cm | |
| 丛书名: | ||
| 单 册: | ||
| 中图分类: | TS513 | |
| 科图分类: | ||
| 主题词: | 制革化学--高等教育--教材 | |
| 电子资源: | ||
| ISBN: | 978-7-5184-1859-6 | |
| 000 | 01015nam0 2200277 450 | |
| 001 | 274 | |
| 005 | 20180925104141.87 | |
| 010 | @a978-7-5184-1859-6@dCNY65.00 | |
| 100 | @a20180612d2018 em y0chiy50 ea | |
| 101 | 0 | @achi |
| 102 | @aCN@b110000 | |
| 105 | @ay z 000yy | |
| 200 | 1 | @a鞣制化学@9rou zhi hua xue@f陈武勇,李国英主编 |
| 205 | @a4版 | |
| 210 | @a北京@c中国轻工业出版社@d2018.05 | |
| 215 | @a326页@d26cm | |
| 300 | @a“十二五”普通高等教育本科国家级规划教材 | |
| 312 | @a封面英文题名:Tanning chemistry | |
| 330 | @a本书从配合物配位化学、植物鞣质化学、鞣革机理及鞣制过程的化学原理出发,分别介绍了各种无机鞣的鞣革机理、配位化学的基础理论及各种鞣法如:铬鞣、锆鞣、钛鞣、铁鞣、植物鞣、醛鞣、油鞣、合成鞣剂鞣、树脂鞣剂鞣、清洁鞣制技术等基本原理。 | |
| 510 | 1 | @aTanning chemistry@zeng |
| 606 | 0 | @a制革化学@x高等教育@j教材 |
| 690 | @aTS513@v5 | |
| 701 | 0 | @a陈武勇@9chen wu yong@4主编 |
| 701 | 0 | @a李国英@9li guo ying@4主编 |
| 801 | 0 | @aCN@b91MARC@c20180612 |
| 905 | @aMuseLib@dTS513@e7=4 | |
| 鞣制化学/陈武勇,李国英主编.-4版.-北京:中国轻工业出版社,2018.05 |
| 326页;26cm |
| “十二五”普通高等教育本科国家级规划教材 |
| ISBN 978-7-5184-1859-6:CNY65.00 |
| 本书从配合物配位化学、植物鞣质化学、鞣革机理及鞣制过程的化学原理出发,分别介绍了各种无机鞣的鞣革机理、配位化学的基础理论及各种鞣法如:铬鞣、锆鞣、钛鞣、铁鞣、植物鞣、醛鞣、油鞣、合成鞣剂鞣、树脂鞣剂鞣、清洁鞣制技术等基本原理。 |
| ● |
| 相关链接 |
|
|
|
|
正题名:鞣制化学
索取号:TS513/7=4
 
预约/预借
| 序号 | 登录号 | 条形码 | 馆藏地/架位号 | 状态 | 备注 |
| 1 | 1119104 | 211191048 | 第二样本阅览室/ [索取号:TS513/7=4] | 在馆 | |
| 2 | 1119105 | 211191057 | 第三借阅区/ [索取号:TS513/7=4] | 在馆 | |
| 3 | 1119106 | 211191066 | 第三借阅区/ [索取号:TS513/7=4] | 在馆 | |
| 4 | 1119107 | 211191075 | 第三借阅区/ [索取号:TS513/7=4] | 在馆 | |
| 5 | 1119108 | 211191084 | 化学系资料室/ [索取号:TS513/7=4] | 在馆 |